000 00597cab a2200181 4500
001 L130480
008 050803n2005 000 0 eng u
035 _a(Sirsi) u130480
041 _aeng
100 _aPearman, Ross
245 _aRenewal energy
260 _c2005
490 _aContract Journal
_v429(6535) 27 July 2005, 18-19(2)
520 _aDiscusses whether rail contractors are satisfying the requirements of Network Rail and asks whether rail renewals will follow maintenance in-house.
590 _aIKA160805
690 _aPROPERTY-INFRASTRUCTURE-RAIL INFRASTRUCTURE
942 _n0
999 _c75644
_d75644